Name a US National Park A-Z - Statistics

General Stats
  • This quiz has been taken 16 times
  • The average score is 17 of 22
Answer Stats
Hint Answer % Correct
A Acadia | American Samoa | Arches
100%
C Canyonlands | Capitol Reef | Carlsbad Caverns | Channel Islands | Congaree | Crater Lake | Cuyahoga Valley
100%
D Death Valley | Denali | Dry Tortugas
100%
E Everglades
100%
G Gates of the Arctic | Gateway Arch | Glacier | Glacier Bay | Grand Canyon | Grand Teton | Great Basin | Great Sand Dunes | Great Smoky Mountains | Guadalupe Mountains
100%
B Badlands | Big Bend | Biscayne | Black Canyon of the Gunnison | Bryce Canyon
92%
Y Yellowstone | Yosemite
92%
J Joshua Tree
85%
S Saguaro | Sequoia | Shenandoah
85%
Z Zion
85%
H Haleakala | Hawaii Volcanoes | Hot Springs
77%
M Mammoth Cave | Mesa Verde | Mount Rainier
77%
R Redwood | Rocky Mountain
77%
W White Sands | Wind Cave | Wrangell-St. Elias
77%
O Olympic
69%
K Katmai | Kenai Fjords | Kings Canyon | Kobuk Valley
62%
L Lake Clark | Lassen Volcanic
62%
N New River Gorge | North Cascades
62%
P Petrified Forest | Pinnacles
54%
T Theodore Roosevelt
54%
I Indiana Dunes | Isle Royale
46%
V Virgin Islands | Voyageurs
46%
No matching quizzes found
Score Distribution
Percent of People with Each Score
Percentile by Number Answered
Your Score History
You have not taken this quiz